| 000 | 01018nam a22002657a 4500 | ||
|---|---|---|---|
| 999 |
_c18655 _d18655 |
||
| 003 | AR-CdUCM | ||
| 008 | 190514b ||||| |||| 00| 0 spa d | ||
| 040 |
_aMUNICIPALIDAD PROVINCIAL DEL CUSCO _cBIBLIOTECA MUNICIPAL DEL CUSCO |
||
| 041 | _hfre | ||
| 082 |
_22ed. _a659.1 / _bC528 |
||
| 100 |
_aChaumely, Jean _939371 |
||
| 245 | _aLas relaciones públicas / | ||
| 260 |
_aBuenos Aires : _bEUDEBA, _c1967. |
||
| 300 |
_a116 páginas ; _c19 cm. |
||
| 440 |
_aCuadernos de EUDEBA. _n122 _939372 |
||
| 505 | _aContenido: Origen y significación de las relaciones públicas --Campos de acción de la relaciones públicas -- La técnica de las comunicaciones -- Las relaciones públicas en acción. | ||
| 650 |
_aRelaciones públicas _939373 |
||
| 650 |
_aComunicación _94985 |
||
| 650 |
_aTécnica _913122 |
||
| 700 |
_aReilly de Fayard, Mireya (traducción) _938304 |
||
| 700 |
_aHuisman, Denis (coautor) _939374 |
||
| 700 |
_aMey, Luis B. (revisión) _939375 |
||
| 942 |
_2ddc _cLIBROS |
||
| 945 |
_aachl _d2019-05-14 |
||